Online Public Access Catalog -OPAC

Atlas of anatomy of the hand (Record no. 139)

MARC details
000 -LEADER
fixed length control field 00328nam a2200109Ia 4500
008 - FIXED-LENGTH DATA ELEMENTS--GENERAL INFORMATION
fixed length control field 180412s9999||||xx |||||||||||||| ||und||
020 ## - INTERNATIONAL STANDARD BOOK NUMBER
International Standard Book Number 443011540
040 ## - CATALOGING SOURCE
Original cataloging agency Ahmadu Bello University Library - Zaria
100 ## - MAIN ENTRY--PERSONAL NAME
Personal name LANDSMEER, John M. F.
245 #0 - TITLE STATEMENT
Title Atlas of anatomy of the hand
Statement of responsibility, etc. John M. F. Landsmeer
260 ## - PUBLICATION, DISTRIBUTION, ETC.
Date of publication, distribution, etc. 1976
300 ## - PHYSICAL DESCRIPTION
Extent xii, 349p.; illus.,diags

No items available.

Customized by ICT Technical Service Unit on 29th Dec 2022

Kashim Ibrahim Library